000 02156nam2a2200277 4500
001 RU\NLR\bibl\1096186
005 20260407192854.0
010 _a978-5-7111-0411-7
_91000
021 _aRU
_b2007-30483
_91618
035 _a(NLR Aleph) 001083299
090 _a1072168
_c1072168
100 _a20070608d2007 |||y0rusy50 ca
101 0 _arus
102 _aRU
105 _aac |||||||||
200 0 _aВып. 4
_eтворческие работы участников Национальной образовательной программы "Интеллектуально-творческий потенциал России": по итогам проектов: Всероссийская открытая конференция учащихся "Юность. Наука. Культура", Литературно-творческий конкурс "Восхождение к образу", Литературно-философский конкурс "Озарение", Творческий конкурс "Мои любимые книги"
210 _d2007
_aБ. м.
215 _a463 с.
_cил., цв. ил., портр.
300 _aВ надзаг.: Интеллект будущего, Творческие работы участников Национальной образовательной программы "Интеллектуально-творческий потенциал России"
461 0 _1001RU\NLR\bibl\870846
_12001#$aОбнинский полис$vВып. 4
_91530674
_cКалуга
_d2005
_f[авт.-сост. Анатолий Семенович Романов]
_nЗолотая аллея
_oтворческие работы участников общероссийской конференции "Юность-наука-культура"
_tОбнинский полис
_vВып. 4
711 0 2 _a"Интеллектуально-творческий потенциал России", национальная образовательная программа
_9750282
_3RU\NLR\AUTH\8810126469
801 0 _aRU
_bNLR
_c20070608
_gRCR
801 1 _aRU
_bNLR
_c20070608
942 _cBOOK
980 _aNB